[Event "são paulo"]
[Site "http://www.queenalice.com/game.php?id=234574"]
[Date "2007.7.4"]
[Round "-"]
[White "val_si"]
[Black "LadyAndrea"]
[Result "1-0"]
[WhiteElo "1920"]
[BlackElo "1714"]

1. e4 e5 2. Nf3 Bd6 3. Bc4 h6 4. b3 a6 5. Bb2 Nc6 6. O-O Nf6 7. Re1 b5 8. Be2
Nxe4 9. Bd3 Ng5 10. Nxe5 O-O 11. Nxc6 dxc6 12. Bf1 c5 13. d3 Be6 14. c4 Nh3+ 15.
gxh3 Qg5+ 16. Bg2 Rae8 17. Nc3 Bxh3 18. Qf3 Bxg2 19. Qxg2 Rxe1+ 20. Rxe1 Qd2 21.
Rb1 Re8 22. Ne4 Qxb2 23. Rxb2 Re6 24. Kh1 Rg6 25. Qh3 b4 26. Nxd6 Rxd6 27. Qc8+
Kh7 28. Qf5+ Kh8 29. Qc8+ Kh7 30. Rd2 c6 31. Qf8 Rf6 32. Qxc5 a5 33. Qxa5 Re6
34. Qxb4 g5 35. Qf8 1-0

[Event "são paulo"]
[Site "http://www.queenalice.com/game.php?id=234576"]
[Date "2007.7.4"]
[Round "-"]
[White "val_si"]
[Black "alexnu"]
[Result "1-0"]
[WhiteElo "1944"]
[BlackElo "1922"]

1. e4 e5 2. Bc4 Nc6 3. Nf3 d6 4. h3 Bd7 5. Nh2 Qh4 6. Nf3 Qxe4+ 7. Be2 O-O-O 8.
d3 Qg6 9. Kf1 f6 10. Nh2 Qe8 11. Bh5 g6 12. Bf3 Bh6 13. Bd2 Bxd2 14. Nxd2 Nd4
15. Bd5 Bc6 16. Be4 d5 17. Bf3 Nxf3 18. Nhxf3 Qe7 19. Nb3 f5 20. a4 h6 21. Qe1
Re8 22. Qa5 Kb8 23. d4 e4 24. Ne5 Qf6 25. Qc3 Rd8 26. Na5 Rd6 27. Naxc6+ bxc6
28. Qc5 Ne7 29. Ra3 Kc8 30. Rb3 Kd8 31. Rb8+ Nc8 32. Qxa7 Re6 33. Qb7 Ke7 34.
Qxc7+ 1-0

[Event "ss"]
[Site "http://www.queenalice.com/game.php?id=234649"]
[Date "2007.7.4"]
[Round "-"]
[White "val_si"]
[Black "razoman"]
[Result "0-1"]
[WhiteElo "1952"]
[BlackElo "1948"]

1. e4 c5 2. Bc4 e6 3. Nf3 a6 4. d4 cxd4 5. Nxd4 Nc6 6. Nf3 d6 7. c3 h6 8. O-O
Nf6 9. Bd3 Be7 10. h3 O-O 11. Nh2 d5 12. exd5 Qxd5 13. Qc2 e5 14. Bf5 e4 15.
Bxc8 Raxc8 16. Qe2 Rfd8 17. Bf4 Bd6 18. Rd1 Qe6 19. Bxd6 Rxd6 20. Nf1 Rxd1 21.
Qxd1 Rd8 22. Qe1 Ne5 23. Nbd2 Nd3 24. Qe3 Nxb2 25. Ng3 Rd3 26. Qe2 e3 27. fxe3
Rxe3 28. Qf2 Nd3 29. Qf1 Rxg3 30. Nf3 Qe3+ 31. Kh2 Qf4 32. Kh1 Qe3 33. Kh2 Ne4
34. a4 Rg6 35. Ra2 Qf4+ 36. Kg1 Ndf2 37. Rxf2 Nxf2 38. Qxf2 Qxa4 39. Qe1 Qc6 40.
Qe3 Re6 41. Qd2 Rd6 42. Qe3 Qb6 43. Nd4 Re6 44. Qc1 Re2 45. Kh1 Rb2 46. Qf4 Qg6
47. Qf3 Rb1+ 48. Kh2 Qd6+ 49. Qg3 Rh1+ 50. Kxh1 Qxg3 51. Nf3 b5 52. Kg1 a5 53.
Kf1 a4 54. h4 a3 55. Nd4 Qxc3 56. Nxb5 Qc4+ 57. Kg1 Qxb5 58. Kh2 a2 0-1

[Event "são paulo"]
[Site "http://www.queenalice.com/game.php?id=236535"]
[Date "2007.7.8"]
[Round "-"]
[White "val_si"]
[Black "Kronista"]
[Result "1-0"]
[WhiteElo "1928"]
[BlackElo "1794"]

1. e4 e5 2. Nf3 Nc6 3. Bb5 a6 4. Bxc6 dxc6 5. h3 Nf6 6. d3 Bc5 7. Bg5 h6 8. Bh4
Be6 9. c3 g5 10. Bg3 g4 11. Nxe5 h5 12. h4 Bd6 13. O-O Nd7 14. Nxd7 Qxd7 15. d4
O-O-O 16. e5 Be7 17. b4 c5 18. bxc5 Rhf8 19. Qd2 Bxc5 20. Bf4 Qc6 21. Bg5 Rd7
22. g3 Bd5 23. Kh2 Bg2 24. Rg1 Bh3 25. a4 Qb6 26. dxc5 Rxd2 27. cxb6 Rxf2+ 28.
Kh1 Re8 29. Re1 f6 30. Bf4 cxb6 31. Na3 fxe5 32. Bxe5 Rd8 33. Bd4 Rf3 34. Bxb6
Rd2 35. Re8+ Kd7 36. Rd8+ Kc6 37. Rxd2 Kxb6 38. a5+ Ka7 39. Kh2 Rxc3 40. Nc2 Kb8
41. Ne1 Ka7 42. Nd3 1-0

[Event "tupiniquim"]
[Site "http://www.queenalice.com/game.php?id=237007"]
[Date "2007.7.9"]
[Round "-"]
[White "val_si"]
[Black "Magogue"]
[Result "0-1"]
[WhiteElo "1922"]
[BlackElo "1872"]

1. d4 d5 2. e3 Nf6 3. h3 Nc6 4. Bb5 Bd7 5. Bd3 e5 6. dxe5 Nxe5 7. Be2 Be7 8. Nf3
Nc6 9. c3 O-O 10. Bd3 h6 11. Qc2 Re8 12. Bd2 Bf8 13. Kd1 a6 14. Nh2 Ne4 15. Be1
Nf6 16. g4 Ne5 17. Qe2 Nxd3 18. Qxd3 Bc6 19. Rg1 Nh7 20. f4 Bc5 21. Bf2 Bb5 22.
Qd2 Bc6 23. Qe1 Qe7 24. Nf1 Rad8 25. Nbd2 Bb5 26. h4 Bxf1 27. Nxf1 Qe4 28. Qe2
d4 29. Ke1 dxc3 30. bxc3 Rd3 31. Nd2 Qd5 32. c4 Qd8 33. e4 Bxf2+ 34. Qxf2 Rxd2
35. Qxd2 Rxe4+ 36. Kd1 Rd4 37. Rg2 Rxd2+ 38. Rxd2 Qxh4 39. Kc2 Qxg4 40. Rf1 Qf5+
41. Kb3 Qh3+ 42. Kb4 Qxf1 43. Rd8+ Nf8 44. a4 Qxf4 45. a5 Qd6+ 46. Rxd6 cxd6 47.
c5 dxc5+ 48. Kxc5 Nd7+ 49. Kd6 b6 50. axb6 Nxb6 51. Kc5 a5 52. Kb5 a4 53. Kb4 f5
54. Kc3 f4 55. Kd2 f3 56. Ke3 a3 0-1

[Event "lusa"]
[Site "http://www.queenalice.com/game.php?id=237012"]
[Date "2007.7.9"]
[Round "-"]
[White "val_si"]
[Black "Skartarys"]
[Result "1-0"]
[WhiteElo "1917"]
[BlackElo "1920"]

1. d4 b5 2. e4 a6 3. d5 Bb7 4. b3 c5 5. dxc6 Nxc6 6. Bb2 e5 7. Bd3 Nf6 8. a3 Bc5
9. Nh3 d6 10. Qe2 Nd4 11. Bxd4 Bxd4 12. c3 Ba7 13. O-O O-O 14. Nd2 Rc8 15. c4
bxc4 16. bxc4 Nd7 17. Nb3 Nc5 18. Nxc5 Rxc5 19. Kh1 Ra5 20. f4 Bd4 21. Ra2 Bc5
22. a4 Bd4 23. f5 Bc6 24. Bc2 Qd7 25. Ng5 Bxa4 26. Qh5 h6 27. f6 1-0

[Event "tupiniquim"]
[Site "http://www.queenalice.com/game.php?id=280241"]
[Date "2007.10.2"]
[Round "-"]
[White "val_si"]
[Black "Virgilio"]
[Result "0-1"]
[WhiteElo "2025"]
[BlackElo "2113"]

1. e4 e5 2. Bc4 Bc5 3. Qh5 Qe7 4. Nc3 Nf6 5. Qf5 Nc6 6. Qf3 d6 7. h3 O-O 8. Nd5
Nxd5 9. Bxd5 Nd4 10. Qd3 c6 11. Bb3 Be6 12. Bxe6 fxe6 13. c3 Qf6 14. f3 Qh4+ 15.
Kd1 Nb5 16. a4 Nc7 17. Qf1 Qxe4 18. Ne2 Qd3 19. Ng3 Qxf1+ 20. Rxf1 d5 21. d3 Bd6
22. Nh1 Rf7 23. d4 e4 24. f4 e5 25. f5 Raf8 26. g4 exd4 27. cxd4 Ne8 28. Bg5 Bc7
29. a5 Nd6 30. b4 Nb5 31. Be3 Bd6 32. a6 Bxb4 33. axb7 Rxb7 34. Rc1 Nc3+ 35. Kc2
Nb5 36. Kd1 Rb6 37. Ke2 a5 38. Kf2 Na3 39. Kg3 Nc4 40. Bg5 a4 41. Rf2 Ba3 42.
Ra1 Bb2 43. Rxa4 Bxd4 44. Rf1 Rb3+ 45. Kh4 h6 46. Bf4 Bf6+ 47. g5 hxg5+ 48. Bxg5
Bxg5+ 49. Kxg5 Rxh3 50. Kg4 Rc3 51. Ra6 Ne3+ 52. Kf4 Rxf5+ 53. Kg3 Nxf1+ 54. Kg4
Rf6 0-1

[Event "tupiniquim"]
[Site "http://www.queenalice.com/game.php?id=280260"]
[Date "2007.10.2"]
[Round "-"]
[White "val_si"]
[Black "Nelson_Abe"]
[Result "1-0"]
[WhiteElo "1904"]
[BlackElo "1896"]

1. e4 c5 2. Bc4 e6 3. e5 d5 4. exd6 Bxd6 5. Qf3 Nf6 6. Nc3 Nc6 7. Bb5 Bd7 8. Qd1
O-O 9. Nf3 a6 10. Bd3 Qc7 11. Ne4 Nxe4 12. Bxe4 f5 13. Bd3 e5 14. Bc4+ Kh8 15.
Ng5 Nd8 16. Nxh7 Ne6 17. Nxf8 Nxf8 18. Qh5+ Nh7 19. Bd5 1-0

[Event "são paulo"]
[Site "http://www.queenalice.com/game.php?id=280624"]
[Date "2007.10.3"]
[Round "-"]
[White "val_si"]
[Black "Markus1234567"]
[Result "1-0"]
[WhiteElo "1965"]
[BlackElo "1999"]

1. e4 e5 2. Bc4 Nf6 3. Qf3 Bc5 4. d3 Nc6 5. a3 Nd4 6. Qd1 d6 7. h3 O-O 8. Bg5
Be6 9. Bxe6 Nxe6 10. Bh4 c6 11. Bg3 Nf4 12. Bxf4 exf4 13. c3 d5 14. e5 Nd7 15.
d4 Be7 16. Nf3 f6 17. e6 Nb6 18. O-O Nc4 19. b4 a5 20. bxa5 Rxa5 21. a4 Qd6 22.
Re1 b5 23. Nh4 f5 24. Nf3 Rf6 25. Ng5 Ra8 26. Nf7 Qc7 27. Nd2 Nb2 28. Qe2 Rxa4
29. Rab1 Nc4 30. Nf3 h6 31. Nh4 Nd6 32. Nxd6 Qxd6 33. Qd3 Rxe6 34. Nxf5 Qd7 35.
Nxe7+ Rxe7 36. f3 Kf7 37. Qd2 Qf5 38. Rxe7+ Kxe7 39. Re1+ Kf7 40. Qe2 Qd7 41.
Qe5 g5 42. Qh8 Kg6 43. Qg8+ Kh5 44. Re5 Rc4 45. Re6 Qxe6 46. Qxe6 Rxc3 47. Qg4+
Kg6 48. Qe6+ Kh5 49. Qf7+ Kh4 50. Kh2 Rc4 51. Qg6 h5 52. Qe6 Rc1 53. Qe2 g4 54.
Qe7# 1-0

[Event "são paulo"]
[Site "http://www.queenalice.com/game.php?id=281703"]
[Date "2007.10.5"]
[Round "-"]
[White "val_si"]
[Black "blikinn"]
[Result "1-0"]
[WhiteElo "1995"]
[BlackElo "1860"]

1. e4 e5 2. Bc4 Nf6 3. Qf3 Nc6 4. c3 d6 5. h3 a6 6. a3 h6 7. Ne2 b5 8. Bd3 Be6
9. Bc2 Ne7 10. d3 Ng6 11. g3 Qc8 12. Ng1 d5 13. Nd2 Qb7 14. Bd1 Bc5 15. Qg2 dxe4
16. dxe4 Rd8 17. Bf3 h5 18. Qf1 h4 19. Qe2 hxg3 20. fxg3 Bxg1 21. Rxg1 Rxh3 22.
g4 Nf4 23. Qf1 Rh2 24. Rh1 Nd3+ 25. Kd1 Nf2+ 26. Kc2 1-0

[Event "brasil"]
[Site "http://www.queenalice.com/game.php?id=281718"]
[Date "2007.10.5"]
[Round "-"]
[White "val_si"]
[Black "mikaio"]
[Result "0-1"]
[WhiteElo "2004"]
[BlackElo "2003"]

1. e4 c5 2. Bc4 e6 3. e5 Nc6 4. Nf3 d5 5. exd6 Qxd6 6. b3 Nf6 7. Bb2 Be7 8. h3
O-O 9. Bc3 b6 10. Qe2 Re8 11. Kd1 Nd5 12. Bb2 Bb7 13. Ne1 Rad8 14. Bxd5 exd5 15.
Qg4 d4 16. f4 Bf6 17. d3 Ne7 18. Na3 Nd5 19. Nc4 Qxf4 20. Qxf4 Nxf4 21. Rg1 Re7
22. Nd2 Rde8 23. Nef3 Re2 24. Re1 Rxe1+ 25. Nxe1 Nxg2 26. Nxg2 Bxg2 27. Ba3 Bxh3
28. Ne4 Bg4+ 29. Kc1 Bh4 30. Kb2 f5 31. Nd6 Re1 32. b4 f4 33. bxc5 bxc5 34. Bxc5
f3 35. Bxd4 f2 36. Bxf2 Bxf2 37. Rxe1 Bxe1 38. c4 h5 39. Kc2 h4 40. c5 h3 41. c6
h2 42. c7 h1=Q 43. c8=Q+ Bxc8 44. Nxc8 Qc6+ 45. Kd1 Qc3 46. Ne7+ Kh7 47. Ke2
Qe5+ 48. Kd1 Qxe7 49. a4 Ba5 50. Kc2 g5 51. d4 g4 52. Kd3 g3 53. d5 g2 0-1

[Event "tupiniquim"]
[Site "http://www.queenalice.com/game.php?id=281950"]
[Date "2007.10.6"]
[Round "-"]
[White "val_si"]
[Black "Blackangel"]
[Result "0-1"]
[WhiteElo "1969"]
[BlackElo "1931"]

1. e4 d5 2. e5 e6 3. d4 c5 4. c3 Nc6 5. Nf3 Qb6 6. Be2 cxd4 7. Nxd4 Nxd4 8. Qxd4
Bc5 9. Qf4 Ne7 10. b4 Ng6 11. bxc5 Qxc5 12. Qg3 Qc7 13. f4 O-O 14. Be3 b6 15. h4
Bb7 16. h5 Ne7 17. Bd3 Rac8 18. Bd4 Nc6 19. h6 g6 20. Qg5 Qe7 21. Na3 Qxg5 22.
fxg5 Nxd4 23. cxd4 Rc3 24. Bxg6 fxg6 25. Nb5 Re3+ 26. Kd2 Rg3 27. Nc3 Rf2+ 28.
Ke1 Rfxg2 29. Ne2 Re3 30. Rf1 Rexe2+ 31. Kd1 Bc6 32. a4 Rd2+ 33. Kc1 Rxd4 34. a5
b5 35. Ra3 Rxg5 36. Rf6 Rg1+ 37. Kc2 Rg2+ 38. Kc1 Re4 39. Kd1 Rh4 40. Ke1 Rh1+
41. Rf1 Rxf1+ 42. Kxf1 Rc2 43. Ke1 a6 44. Kd1 Rc4 45. Rf3 Rc5 46. Kd2 b4 47. Rb3
Rb5 48. Kd3 Rxa5 49. Rxb4 Bb5+ 50. Kd4 Ra4 51. Rxa4 Bxa4 52. Kc5 Bb5 53. Kd4 Kf7
54. Kc5 g5 55. Kd4 Kg6 56. Kc5 a5 57. Kxb5 g4 58. Kxa5 g3 59. Kb5 g2 60. Kc5
g1=Q+ 61. Kd6 Qb6+ 0-1

[Event "Let's Play Chess!"]
[Site "http://www.queenalice.com/game.php?id=282051"]
[Date "2007.10.7"]
[Round "-"]
[White "val_si"]
[Black "Stulzer"]
[Result "0-1"]
[WhiteElo "2018"]
[BlackElo "2322"]

1. e4 d6 2. d4 c6 3. Be2 Nf6 4. e5 dxe5 5. dxe5 Qxd1+ 6. Bxd1 Nd5 7. h3 g6 8.
Nf3 Bg7 9. c3 O-O 10. O-O Nd7 11. Re1 Nc5 12. Bc2 Bf5 13. Bxf5 gxf5 14. Rd1 Rfd8
15. Rd2 Bh6 16. Rd1 Nb4 17. Rxd8+ Rxd8 18. cxb4 Rd1+ 19. Kh2 Bxc1 20. Nc3 Bf4+
21. g3 Rxa1 22. bxc5 Bc1 23. Ne2 Bxb2 24. Kg2 Rxa2 25. Nf4 Ba3 26. Nd3 Rc2 27.
Nfe1 Rc3 28. Kf3 Bxc5 29. Kf4 a5 30. Kxf5 a4 31. f4 a3 32. Nxc5 Rxc5 33. Nd3 Ra5
34. Nb4 a2 35. Nxa2 Rxa2 36. h4 b5 37. g4 b4 38. h5 b3 39. g5 b2 40. g6 hxg6+
41. hxg6 b1=Q+ 0-1

[Event "Brasil"]
[Site "http://www.queenalice.com/game.php?id=282363"]
[Date "2007.10.7"]
[Round "-"]
[White "val_si"]
[Black "Nephi_R"]
[Result "1-0"]
[WhiteElo "2014"]
[BlackElo "1897"]

1. e4 e5 2. Nf3 Nc6 3. Bb5 a6 4. Bxc6 dxc6 5. h3 Qd6 6. b3 f6 7. Ba3 c5 8. d3 b6
9. Nh4 Ne7 10. Bb2 Be6 11. Nd2 g6 12. Nhf3 Bg7 13. Nh2 f5 14. f3 b5 15. Ba3 O-O
16. Bb2 Rad8 17. Qe2 Bf6 18. h4 Bxh4+ 19. Kd1 Bg3 20. Nhf1 Bf4 21. g3 Bxd2 22.
Nxd2 Nc6 23. Qe3 f4 24. gxf4 Rxf4 25. Ke2 Nd4+ 26. Kd1 Rdf8 27. Bxd4 Qxd4 28.
Qxd4 cxd4 29. Ke2 c5 30. a4 b4 31. Rag1 R8f7 32. Rg5 1-0

[Event "são paulo"]
[Site "http://www.queenalice.com/game.php?id=282594"]
[Date "2007.10.7"]
[Round "-"]
[White "val_si"]
[Black "gogi05"]
[Result "1-0"]
[WhiteElo "1971"]
[BlackElo "1865"]

1. e4 Nc6 2. d4 d5 3. e5 Bf5 4. a3 e6 5. Bb5 Ne7 6. Bg5 h6 7. Bxc6+ bxc6 8. Be3
Bg6 9. Nd2 Nf5 10. Nf1 Be7 11. g3 O-O 12. b4 a6 13. Bc1 h5 14. Nf3 Nh6 15. Bxh6
gxh6 16. h4 Kh7 17. N1d2 f5 18. exf6 Bxf6 19. O-O Qd6 20. Re1 Rfe8 21. c4 dxc4
22. Nxc4 Qd5 23. Rc1 Red8 24. Ne3 1-0

[Event "são paulo"]
[Site "http://www.queenalice.com/game.php?id=288282"]
[Date "2007.10.17"]
[Round "-"]
[White "val_si"]
[Black "KOSTENIUK"]
[Result "1-0"]
[WhiteElo "1966"]
[BlackElo "1693"]

1. e4 c5 2. b3 e5 3. Nc3 Nc6 4. Nd5 Nf6 5. Nxf6+ Qxf6 6. Bb2 Be7 7. Bc4 O-O 8.
Nf3 a6 9. h3 Nd4 10. Bxd4 cxd4 11. Bd5 1-0

[Event "são paulo"]
[Site "http://www.queenalice.com/game.php?id=293288"]
[Date "2007.10.26"]
[Round "-"]
[White "val_si"]
[Black "Jorac"]
[Result "1/2-1/2"]
[WhiteElo "1951"]
[BlackElo "2005"]

1. e4 c5 2. b3 a6 3. e5 d6 4. Bb2 Nc6 5. exd6 exd6 6. Qe2+ Be6 7. c4 Nf6 8. h3
Be7 9. g3 O-O 10. Bg2 Rb8 11. Bxc6 bxc6 12. d3 d5 13. Nd2 Re8 14. Qf3 dxc4 15.
dxc4 Qa5 16. Bc3 Qc7 17. Qe2 Bd8 18. Bxf6 Bd7 19. Ne4 Bxf6 20. O-O-O Bf5 21.
Nxf6+ gxf6 22. Qh5 Bg6 23. Qxc5 a5 24. Kb2 a4 25. f4 axb3 26. axb3 Qb7 27. b4
Re4 28. Rc1 Qxb4+ 29. Qxb4 Rxb4+ 30. Ka3 Rbxc4 31. Rxc4 Rxc4 32. Ne2 Be4 33. Re1
f5 34. Kb3 Bd5 35. Kb2 Be4 36. Nc3 Kf8 37. Re3 h5 38. h4 Ke7 39. Kb3 Rd4 40. Kb2
Kd6 41. Ka3 Kc5 42. Kb3 Rb4+ 43. Ka3 Rc4 44. Kb3 Rd4 45. Na4+ Kb5 46. Nc3+ Ka5
47. Ka3 c5 48. Kb3 c4+ 49. Ka3 Rd3 50. Rxd3 cxd3 51. Nb1 Kb5 52. Kb3 Kc5 53. Kc3
Kb5 54. Na3+ Kc5 55. Nc4 f6 56. Nd2 Kd5 1/2-1/2

[Event "são paulo"]
[Site "http://www.queenalice.com/game.php?id=293289"]
[Date "2007.10.26"]
[Round "-"]
[White "val_si"]
[Black "jsm"]
[Result "1-0"]
[WhiteElo "2005"]
[BlackElo "1940"]

1. e4 e5 2. Bb5 c6 3. Bc4 d5 4. exd5 cxd5 5. Bb3 Nf6 6. Ba4+ Bd7 7. Bxd7+ Nbxd7
8. d3 Bc5 9. a3 a5 10. Nc3 O-O 11. Bg5 Qb6 12. Nh3 Qxb2 13. Bd2 Qb6 14. Rb1 Qc6
15. Nb5 Rfc8 16. a4 Nb6 17. c3 h6 18. O-O Re8 19. d4 exd4 20. cxd4 Bd6 21. f3
1-0

[Event "timão x lusa"]
[Site "http://www.queenalice.com/game.php?id=317050"]
[Date "2007.12.8"]
[Round "-"]
[White "val_si"]
[Black "corinthians2"]
[Result "0-1"]
[WhiteElo "2013"]
[BlackElo "2190"]

1. e4 c5 2. b3 Nc6 3. Bb2 Nf6 4. e5 Nd5 5. Bb5 Qc7 6. Nf3 e6 7. g3 a6 8. Bc4
Nde7 9. Bc3 b5 10. Bd3 Bb7 11. Be4 Ng6 12. Bxg6 hxg6 13. O-O Ne7 14. d3 Nf5 15.
Nbd2 Be7 16. Qe2 O-O-O 17. Kg2 g5 18. h3 Rh6 19. Rh1 Rdh8 20. Ne4 Qc6 21. a4 b4
22. Bb2 R6h7 23. c4 d5 24. exd6 Nxd6 25. Ne5 Qc7 26. f3 Nxe4 27. dxe4 Bd6 28.
Nd3 Bxg3 29. Bc1 g4 30. fxg4 f5 31. Be3 Bxe4+ 32. Kf1 Bxh1 33. Nxc5 Bb7 34. Nxe6
Rxh3 35. Nxc7 Rh1+ 36. Bg1 Rxg1+ 0-1

[Event "Heaven vs Hell"]
[Site "http://www.queenalice.com/game.php?id=353372"]
[Date "2008.2.12"]
[Round "-"]
[White "Blackangel"]
[Black "val_si"]
[Result "1-0"]
[WhiteElo "1924"]
[BlackElo "1988"]

1. e4 e5 2. Qh5 Qe7 3. Bc4 Nf6 4. Qf3 a6 5. Nc3 h6 6. Nge2 d6 7. h3 g6 8. O-O c6
9. d4 b5 10. Bb3 g5 11. dxe5 dxe5 12. Be3 g4 13. hxg4 Bxg4 14. Qg3 Bxe2 15. Nxe2
Nxe4 16. Qh3 Nd7 17. Rad1 Rd8 18. Rd3 Nec5 19. Bxc5 Nxc5 20. Rxd8+ Qxd8 21. Qf3
Qd7 22. Ng3 Nxb3 23. Qxb3 h5 24. Ne4 Be7 25. c4 h4 26. cxb5 axb5 27. Rd1 Qg4 28.
Qc2 c5 29. Nd6+ Bxd6 30. Rxd6 h3 31. f3 h2+ 32. Kh1 Qb4 33. Rd1 c4 34. Qd2 Qe7
35. Qd5 Qc7 36. Qa8+ Ke7 37. Qxh8 c3 38. bxc3 Qxc3 39. Qd8+ Ke6 40. Qd6+ Kf5 41.
Qd3+ Qxd3 42. Rxd3 e4 43. fxe4+ Kxe4 44. Rb3 f5 45. Rxb5 f4 46. a4 1-0

[Event "Challenge"]
[Site "http://www.queenalice.com/game.php?id=357981"]
[Date "2008.2.20"]
[Round "-"]
[White "Kronista"]
[Black "val_si"]
[Result "0-1"]
[WhiteElo "1842"]
[BlackElo "2006"]

1. d4 b6 2. e4 e6 3. f4 Bb7 4. Nc3 d5 5. e5 Qh4+ 6. g3 Qd8 7. Nf3 Ne7 8. Bd3 a6
9. f5 exf5 10. Bg5 g6 11. Qd2 h6 12. Bf6 Rh7 13. h4 Nd7 14. Bxe7 Qxe7 0-1

[Event "Challenge"]
[Site "http://www.queenalice.com/game.php?id=357986"]
[Date "2008.2.20"]
[Round "-"]
[White "val_si"]
[Black "Kronista"]
[Result "1-0"]
[WhiteElo "2015"]
[BlackElo "1833"]

1. e4 e5 2. Nf3 Nc6 3. Bb5 a6 4. Bxc6 dxc6 5. h3 Nf6 6. Qe2 Bc5 7. d3 Nh5 8.
Nxe5 Nf4 9. Bxf4 f5 10. exf5 O-O 11. Be3 Bd6 12. Nc4 Bxf5 13. g4 Be6 14. Nxd6
1-0